[Event "SRB-chW Semifinal 2021"]
[Site "Paracin"]
[Date "2021.03.17"]
[Round "2.15"]
[White "Djordjevic, Nevena"]
[Black "Manakova, Maria"]
[Result "0-1"]
[WhiteElo "1999"]
[BlackElo "2271"]
[Annotator "NA"]
[PlyCount "52"]
[EventDate "2021.03.16"]
[EventType "swiss"]
[EventCountry "SRB"]
[SourceTitle "playchess.com"]
[Source "ChessBase"]
[SourceQuality "1"]
[TimeControl "40/5400+30:1800+30"]

1. d4 {[%emt 0:00:00]} Nf6 {[%emt 0:07:16]} 2. Nf3 {[%emt 0:00:00]} e6 {[%emt 0:00:31]} 3. c4 {[%emt 0:00:54]} b6 {[%emt 0:01:20]} 4. Bf4 {[%emt 0:01:25]} Bb7 {[%emt 0:00:27]} 5. e3 {[%emt 0:00:39]} Bb4+ {[%emt 0:03:38]} 6. Nc3 {[%emt 0:06:57]} O-O {[%emt 0:03:45]} 7. Qc2 {[%emt 0:04:44]} d6 {[%emt 0:01:52]} 8. Be2 {[%emt 0:05:10]} Ne4 {[%emt 0:05:52]} 9. O-O {[%emt 0:01:32]} Bxc3 {[%emt 0:00:02]} 10. bxc3 {[%emt 0:00:07]} Nd7 {[%emt 0:00:33]} 11. Rfd1 {[%emt 0:06:47]} f5 {[%emt 0:03:19]} 12. h3 {[%emt 0:12:08]} g5 {[%emt 0:06:36]} 13. Bh2 {[%emt 0:04:24]} g4 {[%emt 0:01:17]} 14. Ne1 {[%emt 0:14:38]} gxh3 {[%emt 0:11:54]} 15. g3 {[%emt 0:04:47]} Qg5 {[%emt 0:03:28]} 16. Nd3 {[%emt 0:05:46]} Qh6 {[%emt 0:11:35]} 17. Nf4 {[%emt 0:07:42]} Ng5 {[%emt 0:00:22]} 18. d5 {[%emt 0:02:45]} Ne5 {[%emt 0:00:24]} 19. a4 {[%emt 0:08:40]} Nef3+ {[%emt 0:03:04]} 20. Kh1 {[%emt 0:00:57]} e5 {[%emt 0:02:11]} 21. Ne6 {[%emt 0:03:07]} Qxe6 {[%emt 0:07:37]} 22. dxe6 {[%emt 0:05:44]} Nd4+ {[%emt 0:00:36]} 23. Kg1 {[%emt 0:00:27]} Nxc2 {[%emt 0:00:07]} 24. Ra2 {[%emt 0:00:31]} Nxe3 {[%emt 0:03:43]} 25. fxe3 {[%emt 0:00:05]} Nxe6 {[%emt 0:00:09]} 26. Bf1 {[%emt 0:01:47]} Ng5 {[%emt 0:00:18]} 0-1

[Event "SRB-chW Semifinal 2021"]
[Site "Paracin"]
[Date "2021.03.17"]
[Round "3.11"]
[White "Manakova, Maria"]
[Black "Drljevic, Ljilja"]
[Result "1-0"]
[WhiteElo "2271"]
[BlackElo "2200"]
[Annotator "NA"]
[PlyCount "69"]
[EventDate "2021.03.16"]
[EventType "swiss"]
[EventCountry "SRB"]
[SourceTitle "playchess.com"]
[Source "ChessBase"]
[SourceQuality "1"]
[TimeControl "40/5400+30:1800+30"]

1. e4 {[%emt 0:00:09]} g6 {[%emt 0:00:00]} 2. d4 {[%emt 0:00:12]} Bg7 {[%emt 0:00:00]} 3. Nc3 {[%emt 0:00:13]} d6 {[%emt 0:00:00]} 4. Nf3 {[%emt 0:01:27]} a6 {[%emt 0:01:06]} 5. a4 {[%emt 0:02:29]} e6 {[%emt 0:08:39]} 6. Bg5 {[%emt 0:08:23]} Ne7 {[%emt 0:00:30]} 7. Qd2 {[%emt 0:00:15]} h6 {[%emt 0:00:12]} 8. Be3 {[%emt 0:04:11]} b6 {[%emt 0:02:06]} 9. Be2 {[%emt 0:02:48]} Bb7 {[%emt 0:00:09]} 10. O-O {[%emt 0:00:33]} Nd7 {[%emt 0:01:12]} 11. Ne1 {[%emt 0:02:58]} Nf6 {[%emt 0:04:14]} 12. f3 {[%emt 0:00:34]} e5 {[%emt 0:08:23]} 13. Rd1 {[%emt 0:04:15]} exd4 {[%emt 0:06:33]} 14. Bxd4 {[%emt 0:00:15]} Qd7 {[%emt 0:13:34]} 15. Be3 {[%emt 0:07:04]} O-O-O {[%emt 0:03:40]} 16. Bc4 {[%emt 0:00:31]} d5 {[%emt 0:02:04]} 17. Qe2 {[%emt 0:01:02]} Qe6 {[%emt 0:05:00]} 18. Bxa6 {[%emt 0:02:11]} dxe4 {[%emt 0:01:01]} 19. Bc4 {[%emt 0:13:19]} Qc6 {[%emt 0:10:54]} 20. Rxd8+ {[%emt 0:08:04]} Rxd8 {[%emt 0:00:22]} 21. fxe4 {[%emt 0:00:41]} Nxe4 {[%emt 0:02:42]} 22. Nb5 {[%emt 0:00:58]} Kb8 {[%emt 0:16:17]} 23. Rxf7 {[%emt 0:00:35]} Bf6 {[%emt 0:07:45]} 24. b4 {[%emt 0:12:42]} g5 {[%emt 0:03:14]} 25. Bd3 {[%emt 0:02:21]} Qe6 {[%emt 0:01:18]} 26. Rh7 {[%emt 0:00:44]} Nd6 {[%emt 0:01:29]} 27. Nxc7 {[%emt 0:02:23]} Qe5 {[%emt 0:00:35]} 28. Bxb6 {[%emt 0:00:54]} Ne4 {[%emt 0:00:26]} 29. Nb5 {[%emt 0:00:46]} Qf5 {[%emt 0:00:32]} 30. Bxd8 {[%emt 0:04:53]} Qxh7 {[%emt 0:00:23]} 31. Qe3 {[%emt 0:00:51]} Be5 {[%emt 0:00:38]} 32. Bxe4 {[%emt 0:01:34]} Bxe4 {[%emt 0:00:21]} 33. Qa7+ {[%emt 0:00:45]} Kc8 {[%emt 0:00:02]} 34. Qxe7 {[%emt 0:00:47]} Qf5 {[%emt 0:00:46]} 35. Bc7 {[%emt 0:00:50]} 1-0

[Event "SRB-chW Semifinal 2021"]
[Site "Paracin"]
[Date "2021.03.17"]
[Round "3.12"]
[White "Chelushkina, Irina"]
[Black "Vujcic, Milena"]
[Result "1-0"]
[WhiteElo "2203"]
[BlackElo "2069"]
[Annotator "NA"]
[PlyCount "59"]
[EventDate "2021.03.16"]
[EventType "swiss"]
[EventCountry "SRB"]
[SourceTitle "playchess.com"]
[Source "ChessBase"]
[SourceQuality "1"]
[TimeControl "40/5400+30:1800+30"]

1. g3 {[%emt 0:00:00]} g6 {[%emt 0:00:00]} 2. Bg2 {[%emt 0:00:00]} Bg7 {[%emt 0:00:00]} 3. d4 {[%emt 0:00:00]} Nf6 {[%emt 0:00:00]} 4. e4 {[%emt 0:00:00]} d6 {[%emt 0:00:00]} 5. Nc3 {[%emt 0:00:03]} O-O {[%emt 0:00:01]} 6. h3 {[%emt 0:00:02]} e5 {[%emt 0:00:24]} 7. Nge2 {[%emt 0:01:55]} Nc6 {[%emt 0:00:11]} 8. Be3 {[%emt 0:01:23]} exd4 {[%emt 0:00:22]} 9. Nxd4 {[%emt 0:00:05]} Bd7 {[%emt 0:00:11]} 10. Nde2 {[%emt 0:05:17]} Re8 {[%emt 0:01:32]} 11. O-O {[%emt 0:00:35]} b5 {[%emt 0:00:59]} 12. a3 {[%emt 0:02:02]} a5 {[%emt 0:01:06]} 13. Nf4 {[%emt 0:02:34]} b4 {[%emt 0:04:24]} 14. axb4 {[%emt 0:01:59]} axb4 {[%emt 0:00:14]} 15. Rxa8 {[%emt 0:00:09]} Qxa8 {[%emt 0:00:03]} 16. Ncd5 {[%emt 0:00:27]} Nxd5 {[%emt 0:02:05]} 17. Nxd5 {[%emt 0:00:55]} Qb8 {[%emt 0:02:07]} 18. b3 {[%emt 0:00:10]} f5 {[%emt 0:13:34]} 19. exf5 {[%emt 0:01:25]} Bxf5 {[%emt 0:01:20]} 20. Bg5 {[%emt 0:05:39]} Rf8 {[%emt 0:06:51]} 21. Qd2 {[%emt 0:05:03]} Nd4 {[%emt 0:08:46]} 22. g4 {[%emt 0:08:02]} Be6 {[%emt 0:03:42]} 23. Nxb4 {[%emt 0:03:02]} Qb5 {[%emt 0:03:35]} 24. Re1 {[%emt 0:08:27]} Bc8 {[%emt 0:24:21]} 25. Nc6 {[%emt 0:09:15]} Nxc2 {[%emt 0:03:23]} 26. Re7 {[%emt 0:10:12]} Ba6 {[%emt 0:04:40]} 27. Rxg7+ {[%emt 0:02:04]} Kxg7 {[%emt 0:00:20]} 28. Bh6+ {[%emt 0:00:01]} Kg8 {[%emt 0:00:36]} 29. Bxf8 {[%emt 0:00:34]} Kxf8 {[%emt 0:00:03]} 30. Qxc2 {[%emt 0:00:42]} 1-0

[Event "SRB-chW Semifinal 2021"]
[Site "Paracin"]
[Date "2021.03.17"]
[Round "3.13"]
[White "Djukic, Sandra"]
[Black "Srdanovic, Jovana"]
[Result "1/2-1/2"]
[WhiteElo "2137"]
[BlackElo "2109"]
[Annotator "NA"]
[PlyCount "52"]
[EventDate "2021.03.16"]
[EventType "swiss"]
[EventCountry "SRB"]
[SourceTitle "playchess.com"]
[Source "ChessBase"]
[SourceQuality "1"]
[TimeControl "40/5400+30:1800+30"]

1. d4 d5 2. c4 c6 3. cxd5 cxd5 4. Bf4 Nc6 5. e3 Nf6 6. Nc3 Bf5 7. Nf3 e6 8. Bd3 Bxd3 9. Qxd3 Be7 10. h3 O-O 11. O-O Rc8 12. Rac1 a6 13. Nd2 Nd7 14. Nb3 Qb6 15. Rfd1 Rfd8 16. Qb1 Nf6 17. Na4 Qa7 18. Nac5 b6 19. Nd3 Ne4 20. Nd2 Nd6 21. Rc2 Qb7 22. Rdc1 Na5 23. Rxc8 Rxc8 24. Rxc8+ Qxc8 25. Qc1 Qxc1+ 26. Nxc1 Nac4 1/2-1/2

[Event "SRB-chW Semifinal 2021"]
[Site "Paracin"]
[Date "2021.03.17"]
[Round "3.14"]
[White "Gajcin, Marina"]
[Black "Grozdanovic, Anastasia"]
[Result "1-0"]
[WhiteElo "2227"]
[BlackElo "1817"]
[Annotator "NA"]
[PlyCount "49"]
[EventDate "2021.03.16"]
[EventType "swiss"]
[EventCountry "SRB"]
[SourceTitle "playchess.com"]
[Source "ChessBase"]
[SourceQuality "1"]
[TimeControl "40/5400+30:1800+30"]

1. e4 {[%emt 0:00:00]} c6 {[%emt 0:00:00]} 2. Nf3 {[%emt 0:00:39]} d5 {[%emt 0:00:00]} 3. Nc3 {[%emt 0:00:05]} dxe4 {[%emt 0:00:00]} 4. Nxe4 {[%emt 0:00:05]} Bg4 {[%emt 0:00:00]} 5. h3 {[%emt 0:01:11]} Bxf3 {[%emt 0:00:02]} 6. Qxf3 {[%emt 0:00:06]} e6 {[%emt 0:01:02]} 7. c3 {[%emt 0:00:05]} Nd7 {[%emt 0:00:09]} 8. d4 {[%emt 0:00:06]} Ngf6 {[%emt 0:00:12]} 9. Bd3 {[%emt 0:00:07]} Nxe4 {[%emt 0:04:31]} 10. Bxe4 {[%emt 0:00:06]} Be7 {[%emt 0:00:39]} 11. b3 {[%emt 0:22:20]} Nf6 {[%emt 0:08:33]} 12. Bc2 {[%emt 0:01:28]} Nd5 {[%emt 0:10:14]} 13. O-O {[%emt 0:02:38]} Bf6 {[%emt 0:02:31]} 14. Bb2 {[%emt 0:02:05]} O-O {[%emt 0:12:46]} 15. Rad1 {[%emt 0:08:27]} a5 {[%emt 0:11:58]} 16. c4 {[%emt 0:10:42]} Nb4 {[%emt 0:08:00]} 17. Bb1 {[%emt 0:02:08]} Qb6 {[%emt 0:08:06]} 18. h4 {[%emt 0:11:35]} Rad8 {[%emt 0:04:27]} 19. h5 {[%emt 0:13:56]} Bxd4 {[%emt 0:17:42]} 20. Qe4 {[%emt 0:16:11]} Bxf2+ {[%emt 0:01:20]} 21. Kh1 {[%emt 0:00:03]} g6 {[%emt 0:02:24]} 22. Qe5 {[%emt 0:00:28]} f6 {[%emt 0:00:09]} 23. Qxe6+ {[%emt 0:00:05]} Kg7 {[%emt 0:00:21]} 24. Qe7+ {[%emt 0:00:51]} Kg8 {[%emt 0:01:11]} 25. h6 {[%emt 0:00:35]} 1-0

[Event "SRB-chW Semifinal 2021"]
[Site "Paracin"]
[Date "2021.03.17"]
[Round "3.15"]
[White "Jurisic, Iskra"]
[Black "Dimitrijevic, Andjela"]
[Result "1/2-1/2"]
[WhiteElo "1713"]
[BlackElo "1830"]
[Annotator "NA RC"]
[PlyCount "80"]
[EventDate "2021.03.16"]
[EventType "swiss"]
[EventCountry "SRB"]
[SourceTitle "playchess.com"]
[Source "ChessBase"]
[SourceQuality "1"]
[TimeControl "40/5400+30:1800+30"]

1. d4 {[%emt 0:00:00]} d5 {[%emt 0:03:07]} 2. c4 {[%emt 0:00:00]} dxc4 {[%emt 0:00:41]} 3. Nc3 {[%emt 0:01:38]} Nf6 {[%emt 0:01:34]} 4. e3 {[%emt 0:02:22]} e5 {[%emt 0:06:36]} 5. Nf3 {[%emt 0:16:38]} exd4 {[%emt 0:08:15]} 6. Qxd4 {[%emt 0:01:47]} Qxd4 {[%emt 0:14:57]} 7. exd4 {[%emt 0:05:49]} Bd6 {[%emt 0:10:55]} 8. Bxc4 {[%emt 0:02:59]} O-O {[%emt 0:02:36]} 9. O-O {[%emt 0:01:33]} a6 {[%emt 0:02:51]} 10. h3 {[%emt 0:03:26]} h6 {[%emt 0:06:31]} 11. Be3 {[%emt 0:02:34]} Nc6 {[%emt 0:01:10]} 12. a3 {[%emt 0:08:33]} Bf5 {[%emt 0:02:49]} 13. Nd2 {[%emt 0:07:27]} Rfe8 {[%emt 0:04:44]} 14. Be2 {[%emt 0:05:15]} Rad8 {[%emt 0:02:10]} 15. Kh1 {[%emt 0:08:53]} Bf8 {[%emt 0:16:55]} 16. Nb3 {[%emt 0:02:56]} Ne4 {[%emt 0:00:59]} 17. Nxe4 {[%emt 0:00:47]} Bxe4 {[%emt 0:00:08]} 18. Rac1 {[%emt 0:03:29]} Bd5 {[%emt 0:02:06]} 19. Bc4 {[%emt 0:03:22]} Be7 {[%emt 0:06:04]} 20. Bxd5 {[%emt 0:01:17]} Rxd5 {[%emt 0:00:07]} 21. Nc5 {[%emt 0:04:23]} Bxc5 {[%emt 0:02:09]} 22. Rxc5 {[%emt 0:00:50]} Red8 {[%emt 0:01:33]} 23. Rfc1 {[%emt 0:02:26]} Rxc5 {[%emt 0:01:07]} 24. dxc5 {[%emt 0:00:26]} g5 {[%emt 0:00:25]} 25. Rc2 {[%emt 0:04:09]} Kg7 {[%emt 0:00:56]} 26. Rd2 {[%emt 0:02:08]} Rxd2 {[%emt 0:00:31]} 27. Bxd2 {[%emt 0:00:05]} Kf6 {[%emt 0:00:10]} 28. f4 {[%emt 0:00:19]} Nd8 {[%emt 0:01:03]} 29. g4 {[%emt 0:02:12]} Ne6 {[%emt 0:00:27]} 30. Bc3+ {[%emt 0:00:13]} Ke7 {[%emt 0:00:06]} 31. fxg5 {[%emt 0:01:04]} hxg5 {[%emt 0:00:48]} 32. b4 {[%emt 0:01:21]} Nf4 {[%emt 0:00:37]} 33. Kh2 {[%emt 0:00:33]} Ke6 {[%emt 0:00:44]} 34. Bd2 {[%emt 0:00:46]} Ke5 {[%emt 0:00:17]} 35. Kg3 {[%emt 0:00:21]} Ne6 {[%emt 0:00:41]} 36. Kf3 {[%emt 0:01:47]} Nd4+ {[%emt 0:00:24]} 37. Kg3 {[%emt 0:00:28]} Ne6 {[%emt 0:00:34]} 38. Kf3 {[%emt 0:00:43]} Nd4+ {[%emt 0:00:30]} 39. Kg3 {[%emt 0:01:07]} Ne6 {[%emt 0:00:17]} 40. Kf3 {[%emt 0:00:00]} Nd4+ {[%emt 0:00:00]} 1/2-1/2

[Event "SRB-chW Semifinal 2021"]
[Site "Paracin"]
[Date "2021.03.18"]
[Round "4.1"]
[White "Chelushkina, Irina"]
[Black "Manakova, Maria"]
[Result "0-1"]
[WhiteElo "2203"]
[BlackElo "2271"]
[Annotator "NA"]
[PlyCount "70"]
[EventDate "2021.03.16"]
[EventType "swiss"]
[EventCountry "SRB"]
[SourceTitle "playchess.com"]
[Source "ChessBase"]
[SourceQuality "1"]
[TimeControl "40/5400+30:1800+30"]

1. e4 {[%emt 0:00:00]} c5 {[%emt 0:00:00]} 2. Nf3 {[%emt 0:00:00]} Nc6 {[%emt 0:00:31]} 3. d3 {[%emt 0:00:21]} g6 {[%emt 0:00:50]} 4. Be2 {[%emt 0:00:17]} Bg7 {[%emt 0:00:04]} 5. O-O {[%emt 0:00:04]} d6 {[%emt 0:02:11]} 6. c3 {[%emt 0:01:55]} e5 {[%emt 0:09:58]} 7. a3 {[%emt 0:02:00]} a5 {[%emt 0:01:37]} 8. a4 {[%emt 0:00:06]} Nf6 {[%emt 0:02:29]} 9. Na3 {[%emt 0:00:05]} h6 {[%emt 0:05:58]} 10. Nb5 {[%emt 0:03:16]} O-O {[%emt 0:01:04]} 11. Nd2 {[%emt 0:01:57]} d5 {[%emt 0:03:45]} 12. exd5 {[%emt 0:05:19]} Nxd5 {[%emt 0:00:21]} 13. Nc4 {[%emt 0:00:06]} Be6 {[%emt 0:01:30]} 14. Bf3 {[%emt 0:02:18]} Kh7 {[%emt 0:13:30]} 15. Re1 {[%emt 0:05:32]} f5 {[%emt 0:03:49]} 16. Qe2 {[%emt 0:11:22]} Bg8 {[%emt 0:04:05]} 17. g3 {[%emt 0:02:03]} Rb8 {[%emt 0:01:04]} 18. Ne3 {[%emt 0:06:03]} Nde7 {[%emt 0:02:57]} 19. Nf1 {[%emt 0:00:50]} Qd7 {[%emt 0:01:37]} 20. Qc2 {[%emt 0:10:17]} Rbd8 {[%emt 0:01:07]} 21. Be2 {[%emt 0:01:08]} f4 {[%emt 0:01:53]} 22. Nd2 {[%emt 0:01:31]} b6 {[%emt 0:10:30]} 23. Bf1 {[%emt 0:01:44]} Be6 {[%emt 0:01:09]} 24. f3 {[%emt 0:01:43]} fxg3 {[%emt 0:01:32]} 25. hxg3 {[%emt 0:00:06]} Bh3 {[%emt 0:00:17]} 26. Be2 {[%emt 0:00:24]} Bf5 {[%emt 0:08:13]} 27. Ne4 {[%emt 0:12:16]} Bxe4 {[%emt 0:00:18]} 28. dxe4 {[%emt 0:00:01]} Qh3 {[%emt 0:00:09]} 29. Be3 {[%emt 0:00:52]} Qxg3+ {[%emt 0:00:48]} 30. Kf1 {[%emt 0:00:00]} Qh3+ {[%emt 0:04:28]} 31. Kg1 {[%emt 0:00:27]} Qg3+ {[%emt 0:00:49]} 32. Kf1 {[%emt 0:00:17]} g5 {[%emt 0:01:25]} 33. Bd1 {[%emt 0:04:16]} Rxd1 {[%emt 0:10:10]} 34. Rexd1 {[%emt 0:00:04]} Qxf3+ {[%emt 0:00:41]} 35. Bf2 {[%emt 0:00:12]} Qh1+ {[%emt 0:00:30]} 0-1

[Event "SRB-chW Semifinal 2021"]
[Site "Paracin"]
[Date "2021.03.18"]
[Round "4.2"]
[White "Srdanovic, Jovana"]
[Black "Gajcin, Marina"]
[Result "1/2-1/2"]
[WhiteElo "2109"]
[BlackElo "2227"]
[Annotator "NA"]
[PlyCount "49"]
[EventDate "2021.03.16"]
[EventType "swiss"]
[EventCountry "SRB"]
[SourceTitle "playchess.com"]
[Source "ChessBase"]
[SourceQuality "1"]
[TimeControl "40/5400+30:1800+30"]

1. d4 {[%emt 0:00:07]} Nf6 {[%emt 0:00:00]} 2. Bg5 {[%emt 0:00:19]} d5 {[%emt 0:09:55]} 3. Nd2 {[%emt 0:00:13]} Nbd7 {[%emt 0:02:31]} 4. e3 {[%emt 0:00:18]} g6 {[%emt 0:00:34]} 5. Ngf3 {[%emt 0:00:14]} Bg7 {[%emt 0:00:05]} 6. Be2 {[%emt 0:00:09]} O-O {[%emt 0:02:24]} 7. O-O {[%emt 0:00:14]} c5 {[%emt 0:12:25]} 8. c3 {[%emt 0:03:44]} b6 {[%emt 0:02:29]} 9. a4 {[%emt 0:02:25]} Bb7 {[%emt 0:11:34]} 10. a5 {[%emt 0:13:48]} Bc6 {[%emt 0:11:21]} 11. Qb3 {[%emt 0:15:10]} c4 {[%emt 0:08:00]} 12. Qa3 {[%emt 0:01:17]} Re8 {[%emt 0:02:00]} 13. Ne1 {[%emt 0:05:36]} e5 {[%emt 0:13:06]} 14. Nc2 {[%emt 0:10:04]} Bf8 {[%emt 0:04:00]} 15. Qa2 {[%emt 0:01:05]} Qc7 {[%emt 0:01:40]} 16. dxe5 {[%emt 0:01:16]} Qxe5 {[%emt 0:00:36]} 17. Bf4 {[%emt 0:01:11]} Qe7 {[%emt 0:00:08]} 18. Nb4 {[%emt 0:00:42]} Bb5 {[%emt 0:01:57]} 19. Nf3 {[%emt 0:09:56]} a6 {[%emt 0:00:54]} 20. Nd4 {[%emt 0:01:20]} Qc5 {[%emt 0:00:54]} 21. Rfd1 {[%emt 0:02:12]} bxa5 {[%emt 0:00:59]} 22. Qxa5 {[%emt 0:00:09]} Nb6 {[%emt 0:00:20]} 23. Bf3 {[%emt 0:05:09]} Ne4 {[%emt 0:00:03]} 24. Nbc2 {[%emt 0:02:18]} Be7 {[%emt 0:03:12]} 25. Qa2 {[%emt 0:05:36]} 1/2-1/2

[Event "SRB-chW Semifinal 2021"]
[Site "Paracin"]
[Date "2021.03.18"]
[Round "4.3"]
[White "Drljevic, Ljilja"]
[Black "Djukic, Sandra"]
[Result "1/2-1/2"]
[WhiteElo "2200"]
[BlackElo "2137"]
[Annotator "TA"]
[PlyCount "31"]
[EventDate "2021.03.16"]
[EventType "swiss"]
[EventCountry "SRB"]
[SourceTitle "playchess.com"]
[Source "ChessBase"]
[SourceQuality "1"]

{[%evp 14,15,-2,-2]} 1. e4 e5 2. Nf3 Nf6 3. Nxe5 d6 4. Nf3 Nxe4 5. Qe2 Qe7 6. Nc3 Nxc3 7. Qxe7+ Bxe7 8. dxc3 {[#]} {Predecessor:} Nc6 $146 {C42: Petroff Defence: 3 Nxe5 and unusual White 3rd moves.} 9. Be3 Be6 10. O-O-O O-O-O 11. a3 a6 12. Ng5 Bxg5 13. Bxg5 f6 14. Be3 Ne5 15. Be2 Rhe8 16. Rhe1 {½-½ (26) Bai,J (2594)-Xu,X (2581) Tianjin 2018} 1/2-1/2

[Event "SRB-chW Semifinal 2021"]
[Site "Paracin"]
[Date "2021.03.18"]
[Round "4.4"]
[White "Vujcic, Milena"]
[Black "Jurisic, Iskra"]
[Result "1/2-1/2"]
[WhiteElo "2069"]
[BlackElo "1713"]
[Annotator "NA"]
[PlyCount "53"]
[EventDate "2021.03.16"]
[EventType "swiss"]
[EventCountry "SRB"]
[SourceTitle "playchess.com"]
[Source "ChessBase"]
[SourceQuality "1"]
[TimeControl "40/5400+30:1800+30"]

1. e4 {[%emt 0:00:00]} c6 {[%emt 0:00:01]} 2. d4 {[%emt 0:00:00]} d5 {[%emt 0:00:18]} 3. e5 {[%emt 0:00:47]} Bf5 {[%emt 0:00:35]} 4. h4 {[%emt 0:00:37]} Qa5+ {[%emt 0:00:30]} 5. c3 {[%emt 0:18:29]} e6 {[%emt 0:02:04]} 6. Nd2 {[%emt 0:02:53]} h6 {[%emt 0:01:22]} 7. g4 {[%emt 0:00:21]} Bh7 {[%emt 0:01:16]} 8. b4 {[%emt 0:04:47]} Qc7 {[%emt 0:03:16]} 9. a4 {[%emt 0:00:33]} a5 {[%emt 0:01:09]} 10. b5 {[%emt 0:04:41]} c5 {[%emt 0:02:05]} 11. Rh3 {[%emt 0:05:58]} h5 {[%emt 0:06:42]} 12. g5 {[%emt 0:15:28]} Bf5 {[%emt 0:04:09]} 13. Re3 {[%emt 0:08:14]} cxd4 {[%emt 0:08:14]} 14. cxd4 {[%emt 0:00:05]} Bb4 {[%emt 0:00:21]} 15. Ba3 {[%emt 0:02:20]} Ne7 {[%emt 0:11:26]} 16. Bxb4 {[%emt 0:08:47]} axb4 {[%emt 0:00:14]} 17. Rb3 {[%emt 0:07:11]} Ng6 {[%emt 0:08:41]} 18. Ndf3 {[%emt 0:05:06]} O-O {[%emt 0:01:08]} 19. Qd2 {[%emt 0:00:39]} Qa5 {[%emt 0:07:25]} 20. Rxb4 {[%emt 0:03:37]} Rc8 {[%emt 0:03:32]} 21. Rb2 {[%emt 0:00:09]} Nd7 {[%emt 0:01:21]} 22. Qxa5 {[%emt 0:05:19]} Rxa5 {[%emt 0:00:17]} 23. Be2 {[%emt 0:00:48]} Nb6 {[%emt 0:01:57]} 24. Bd1 {[%emt 0:00:57]} Nf4 {[%emt 0:01:17]} 25. Rba2 {[%emt 0:00:43]} Nd3+ {[%emt 0:00:44]} 26. Kf1 {[%emt 0:00:19]} Nb4 {[%emt 0:03:50]} 27. Ra3 {[%emt 0:00:52]} 1/2-1/2

[Event "SRB-chW Semifinal 2021"]
[Site "Paracin"]
[Date "2021.03.18"]
[Round "4.5"]
[White "Dimitrijevic, Andjela"]
[Black "Ostojic, Katarina"]
[Result "1/2-1/2"]
[WhiteElo "1830"]
[BlackElo "2013"]
[Annotator "TA"]
[PlyCount "65"]
[EventDate "2021.03.16"]
[EventType "swiss"]
[EventCountry "SRB"]
[SourceTitle "playchess.com"]
[Source "ChessBase"]
[SourceQuality "1"]

{[%evp 9,65,0,33,15,13,13,13,13,13,26,16,8,33,36,28,33,22,31,17,20,33,-13,-47,-61,24,12,37,-116,-114,-172,7,-84,-76,-75,66,64,97,106,97,92,86,89,93,83,71,72,88,74,80,75,65,68,68,59,78,0,66,0]} 1. e4 c5 2. Nf3 d6 3. c3 Nf6 4. h3 Nc6 5. Bd3 g5 6. Qe2 {B50: Sicilian: 2...d6, Miscellaneous.} g4 7. hxg4 Bxg4 8. Bb5 {The position is equal.} Qc7 9. d3 O-O-O 10. Bg5 {[#]} a6 $146 (10... Ne5 {seems wilder.}) ({Predecessor:} 10... Bg7 11. Nbd2 Kb8 12. Ba4 Ka8 13. Bb3 Be6 14. Bh4 h6 15. Bg3 Qd7 16. Nc4 Ng4 {½-½ (33) Grigoriants,S (2564)-Lovkov,R (2435) St Petersburg 2009}) 11. Bxc6 Qxc6 12. Bxf6 exf6 {[#]} 13. Ne5 $1 dxe5 14. Qxg4+ Kb8 15. Rh3 c4 {White must now prevent ...Qb6.} 16. dxc4 Qxc4 (16... h5 $1 $15 17. Qf3 Bh6 18. Rxh5 Qxc4) 17. Nd2 $36 {[%mdl 2048] Black is under pressure.} Qb5 {Strongly threatening ...Rxd2!} 18. O-O-O {[#]} (18. b3 $14 {keeps the upper hand.}) 18... h5 $1 $17 19. Qf3 (19. Rxh5 $17 Bh6 20. f4) 19... Rd6 $2 (19... Bh6 $19 20. a4 (20. Qxf6 $2 Ka7 $19) 20... Qxa4 21. Qxf6 Ka7) 20. Kb1 (20. Nb3 $11 Rxd1+ 21. Qxd1) 20... Qd7 21. Kc2 {[#]} Bh6 (21... Qa4+ $1 $17 22. Kb1 Bg7) 22. Nb3 $14 Rd8 {[%cal Rd6d1]} 23. Rxd6 Qxd6 24. Rxh5 Bg5 25. Rh1 Qc6 26. Rd1 Rxd1 27. Kxd1 Qa4 28. Qd3 Qxa2 29. Qd6+ Ka8 30. Qf8+ Ka7 31. Qc5+ Kb8 32. Qf8+ Ka7 33. Qc5+ {Weighted Error Value: White=0.28/Black=0.28} (33. Kc2 $1 $14 Qa4 34. Qc5+ Kb8 35. Qd5) 1/2-1/2

[Event "SRB-chW Semifinal 2021"]
[Site "Paracin"]
[Date "2021.03.19"]
[Round "5.11"]
[White "Manakova, Maria"]
[Black "Srdanovic, Jovana"]
[Result "1/2-1/2"]
[WhiteElo "2271"]
[BlackElo "2109"]
[Annotator "NA"]
[PlyCount "35"]
[EventDate "2021.03.16"]
[EventType "swiss"]
[EventCountry "SRB"]
[SourceTitle "playchess.com"]
[Source "ChessBase"]
[SourceQuality "1"]
[TimeControl "40/5400+30:1800+30"]

1. Nf3 {[%emt 0:00:00]} d5 {[%emt 0:00:00]} 2. c4 {[%emt 0:00:00]} c6 {[%emt 0:00:00]} 3. e3 {[%emt 0:00:01]} Nf6 {[%emt 0:00:12]} 4. Nc3 {[%emt 0:00:11]} g6 {[%emt 0:11:52]} 5. d4 {[%emt 0:04:25]} Bg7 {[%emt 0:00:31]} 6. Bd3 {[%emt 0:00:14]} O-O {[%emt 0:00:41]} 7. O-O {[%emt 0:00:03]} a6 {[%emt 0:11:38]} 8. Bd2 {[%emt 0:13:09]} Qd6 {[%emt 0:09:05]} 9. c5 {[%emt 0:11:13]} Qc7 {[%emt 0:01:29]} 10. Ne5 {[%emt 0:00:30]} Nfd7 {[%emt 0:01:44]} 11. f4 {[%emt 0:00:17]} Nxe5 {[%emt 0:01:31]} 12. fxe5 {[%emt 0:00:55]} f6 {[%emt 0:01:18]} 13. exf6 {[%emt 0:00:35]} Bxf6 {[%emt 0:01:20]} 14. Qc2 {[%emt 0:14:14]} Kg7 {[%emt 0:23:32]} 15. e4 {[%emt 0:11:35]} Bxd4+ {[%emt 0:06:45]} 16. Kh1 {[%emt 0:00:13]} Rxf1+ {[%emt 0:00:07]} 17. Rxf1 {[%emt 0:00:07]} Be6 {[%emt 0:00:18]} 18. Bg5 {[%emt 0:28:14]} 1/2-1/2